|
|
|
|
| LEADER |
00000nam a2200000 i 4500 |
| 001 |
ELB151313 |
| 003 |
FINmELB |
| 006 |
m o d | |
| 007 |
cr cnu|||||||| |
| 008 |
160903t20162016enk ob 001 0 eng d |
| 020 |
|
|
|z 9781443896986
|
| 020 |
|
|
|a 9781443898102
|q (e-book)
|
| 035 |
|
|
|a (OCoLC)956988880
|
| 040 |
|
|
|a FINmELB
|b eng
|e rda
|c FINmELB
|
| 050 |
|
4 |
|a LB1137
|b .C668 2016
|
| 082 |
0 |
|
|a 155.418
|2 23
|
| 245 |
0 |
0 |
|a Contemporary homo ludens /
|c edited by Halina Mielicka-Pawłowska.
|
| 264 |
|
1 |
|a Newcastle upon Tyne, England :
|b Cambridge Scholars Publishing,
|c 2016.
|
| 264 |
|
4 |
|c ©2016
|
| 300 |
|
|
|a 1 online resource (391 pages)
|
| 336 |
|
|
|a text
|2 rdacontent
|
| 337 |
|
|
|a computer
|2 rdamedia
|
| 338 |
|
|
|a online resource
|2 rdacarrier
|
| 504 |
|
|
|a Includes bibliographical references and index.
|
| 588 |
|
|
|a Description based on metadata supplied by the publisher and other sources.
|
| 590 |
|
|
|a Electronic reproduction. Santa Fe, Arg.: elibro, 2020. Available via World Wide Web. Access may be limited to eLibro affiliated libraries.
|
| 650 |
|
0 |
|a Play.
|
| 650 |
|
0 |
|a Civilization
|x Philosophy.
|
| 655 |
|
4 |
|a Electronic books.
|
| 700 |
1 |
|
|a Mielicka-Pawłowska, Halina,
|e editor.
|
| 776 |
0 |
8 |
|i Print version:
|t Contemporary homo ludens.
|d Newcastle upon Tyne, England : Cambridge Scholars Publishing, c2016
|h xviii, 373 pages
|z 9781443896986
|
| 797 |
2 |
|
|a elibro, Corp.
|
| 856 |
4 |
0 |
|u https://elibro.uam.elogim.com/ereader/bidiuam/151313
|z Texto completo
|